Pays qui n'ont eu qu'une seule médaille aux Jeux olympiques d'été - Statistiques

Statistiques générales
  • Ce quiz a été pris 27 fois
  • Le résultat moyen est 5 sur 20
Statistiques - réponses
Total Or Argent Bronze Pays % Correct
1 0 1 0 Samoa
50%
1 0 1 0 Tonga
46%
1 0 1 0 Guatemala
42%
1 0 0 1 Barbade
38%
1 0 0 1 Irak
38%
1 0 1 0 Chypre
31%
1 0 0 1 Guyana
31%
1 0 1 0 Paraguay
31%
1 0 1 0 Soudan
31%
1 0 1 0 Turkménistan
27%
1 0 0 1 Burkina Faso
23%
1 0 0 1 Djibouti
23%
1 0 1 0 Monténégro
23%
1 0 1 0 Sénégal
23%
1 0 0 1 Togo
23%
1 0 0 1 Maurice
19%
1 0 0 1 Érythrée
15%
1 0 1 0 Gabon
15%
1 0 1 0 Îles Vierges britanniques
12%
1 0 1 0 Antilles néerlandaises
4%
Aucun quiz correspondant
Distribution des résultats
% des personnes avec chaque résultat
Percentile par nombre de réponses
Votre historique - résultats
Vous n’avez pas pris ce quiz